Avilas y Gijones (Record no. 132429)

MARC details
000 -LEADER
campo de control de longitud fija 00597nam a2200169 i 4500
001 - NÚMERO DE CONTROL
campo de control 132429
003 - IDENTIFICADOR DE NÚMERO DE CONTROL
campo de control ES-MaACL
005 - FECHA Y HORA DE LA ÚLTIMA TRANSACCIÓN
campo de control 20230906194157.0
007 - CAMPO FIJO DE DESCRIPCIÓN FÍSICA--INFORMACIÓN GENERAL
campo de control de longitud fija t|
008 - DATOS DE LONGITUD FIJA--INFORMACIÓN GENERAL
campo de control de longitud fija 070214s1953 sp r ||||1| spa d
100 1# - ENTRADA PRINCIPAL--NOMBRE DE PERSONA
Nombre de persona Romero García, Ildefonso.
9 (RLIN) 99394
245 10 - MENCIÓN DEL TÍTULO
Título Avilas y Gijones
Resto del título : [historia documentada de una casa] /
Mención de responsabilidad, etc. M. I. Sr. Dr. D. Ildefonso Romero García.
260 ## - PUBLICACIÓN, DISTRIBUCIÓN, ETC.
Lugar de publicación, distribución, etc. Ciudad Real :
Nombre del editor, distribuidor, etc. Instituto de Estudios Manchegos,
Fecha de publicación, distribución, etc. 1953.
300 ## - DESCRIPCIÓN FÍSICA
Extensión 71 p., 6 lám. ;
Dimensiones 21 cm +
Material acompañante/anejo 1 gráf. pleg.
710 2# - ENTRADA AGREGADA--NOMBRE DE ENTIDAD CORPORATIVA
Nombre de entidad corporativa o nombre de jurisdicción como elemento de entrada Instituto de Estudios Manchegos.
9 (RLIN) 4919
852 ## - LOCALIZACIÓN
Ubicación ES-MaACL
Número de control de estantería 1833-F-28
Sublocalización o colección R.34374
Holdings
Estatus retirado Estado de pérdida Estado de daño No para préstamo Colección Biblioteca de origen Biblioteca actual Ubicación en estantería Fecha de adquisición Fuente de adquisición Total de préstamos Signatura topográfica completa Código de barras Visto por última vez Precio de reemplazo Tipo de ítem Koha
        Colección de folletos Biblioteca del Ateneo de Madrid Biblioteca del Ateneo de Madrid Depósito folletos 17/01/2008     1833-F-28 1137874 23/02/2023 23/02/2023 Folleto